Introduction to Programmable Logic Controllers (Record no. 302676)

MARC details
000 -LEADER
fixed length control field 00485nam a2200181Ia 4500
008 - FIXED-LENGTH DATA ELEMENTS--GENERAL INFORMATION
fixed length control field 230718s9999 xx 000 0 und d
020 ## - INTERNATIONAL STANDARD BOOK NUMBER
International Standard Book Number 9789812406255
041 ## - LANGUAGE CODE
Language code of text/sound track or separate title eng
082 ## - DEWEY DECIMAL CLASSIFICATION NUMBER
Classification number 629.89
Item number DUN
100 ## - MAIN ENTRY--PERSONAL NAME
Personal name Dunning G.
245 ## - TITLE STATEMENT
Title Introduction to Programmable Logic Controllers
250 ## - EDITION STATEMENT
Edition statement 2nd
260 ## - PUBLICATION, DISTRIBUTION, ETC. (IMPRINT)
Date of publication, distribution, etc. 2005
Name of publisher, distributor, etc. Thomson Delmar learning
300 ## - PHYSICAL DESCRIPTION
Extent 516
Accompanying material [OBSOLETE, CAN/MARC] Ref 262 I (12471)
365 ## - TRADE PRICE
Currency code Rs.
Price amount 329.55
700 ## - ADDED ENTRY--PERSONAL NAME
Personal name Dunning G.
906 ## - LOCAL DATA ELEMENT F, LDF (RLIN)
d B:80404-Dec-2001
c INST
b 49.43
Holdings
Withdrawn status Lost status Damaged status Not for loan Home library Current library Date acquired Vendor Budget Code Cost, normal purchase price Bill number Total Checkouts Full call number Barcode Date last seen Discount Cost, replacement price Bill Date Koha item type Original Barcode
        Cummins College of Engineering for Women Pune Cummins College of Engineering for Women Pune 12/12/2001 Masurkar Enterprises INST 280.12 804   629.89 CCEP-BK-13883 18/07/2023 49.43 329.55 04/12/2001 Books 013883